00422nam a2200133Ia 4500008004100000020001800041050002900059100002300088245005600111260004000167300002100207500005100228521000900279140609s9999 xx 000 0 und d a9789381460221 aTX 911.3.M27b.Sh86 2012 aShrivastava, Atul. aHospitality asset management /cAtul Shrivastava aNew Delhi :bCentrum Press,cc2012. a256 p. ;c23 cm. aIncludes bibliographical references and index. aBSBA